Rasčet ramnych sooruženij iteracionnymi metodami na pročnost' i ustojčivost' /

Uložené v:
Podrobná bibliografia
Hlavný autor: Snitko, Nikolaj Konstantinovič (Author)
Médium: Kniha
Jazyk:Russian
Vydané: Leningrad, Moskva : Gosstrojizdat, 1962.
Vydanie:1. izd.
ISBN: (viaz.)
Fyzický popis: 233 s.
Tagy: Pridať tag
Žiadne tagy, Buďte prvý kto otaguje tento záznam!

MARC

LEADER 00000nam a2200000 a 4500
001 000150488
005 20101127154749.0
008 020718s1962 ru f rus d
020 |a (viaz.)  |c Kčs 7,90 
040 |a SVKKK  |b slo  |c SVKKK  |e AACR2 
041 0 |a rus 
044 |a ru  |c RU 
100 1 |a Snitko, Nikolaj Konstantinovič  |4 aut 
245 1 0 |a Rasčet ramnych sooruženij iteracionnymi metodami na pročnost' i ustojčivost' /  |c Nikolaj Konstantinovič Snitko. 
250 |a 1. izd. 
260 |a Leningrad,  |a Moskva :  |b Gosstrojizdat,  |c 1962. 
300 |a 233 s. 
910 |a svkkk 
998 |a BK 
090 |g SCKHL  |k Sklad Pribinova 2. posch.  |a X0.2302  |j 08998  |i 150488-10  |4 Zastaraná  |s Vyradená